000
00217 a2200097 4500
001
13582
100
_a
Crossonan R H
245
_a
The Charm of Politics
260
_a
London
_b
Hamish Hamilton
_c
090
_c
10584
_d
10584
942
_a
NUST-CAE
_c
M
_c
652
999
_c
248655
_d
248655